| 000 | 00644nac a22002051u 4500 | ||
|---|---|---|---|
| 010 | _a 2005938055 | ||
| 020 | _a0324319169 | ||
| 020 | _a0324423489 (instructor's edition) | ||
| 082 | 0 | 0 |
_a338.5 _bMAN |
| 090 |
_c4130 _d4130 |
||
| 100 | _aMankiw, N. Gregory. | ||
| 245 | 1 | 0 |
_aPrinciples of microeconomics / _cN. Gregory Mankiw. |
| 250 |
_a4th ed. _bInternational ed. |
||
| 260 |
_aMason, OH : _bThomson South-Western,2007 _c2007. |
||
| 300 |
_axxxii, 533 p. : _bill. ; _c26 cm. |
||
| 500 | _aIncludes index. | ||
| 500 | _aInternational Edition. | ||
| 650 | 0 | _aMicroeconomics. | |
| 942 |
_cNB _k338.5MAN |
||
| 999 |
_c4130 _d4130 |
||